A sparrow falls / (Record no. 234625)

000 -LEADER
fixed length control field 00785cam a2200253 i 4500
001 - CONTROL NUMBER
control field 1309120
003 - CONTROL NUMBER IDENTIFIER
control field Nust
005 - DATE AND TIME OF LATEST TRANSACTION
control field 20170328120315.0
008 - FIXED-LENGTH DATA ELEMENTS--GENERAL INFORMATION
fixed length control field 770926s1977 enk 000 1 eng
010 ## - LIBRARY OF CONGRESS CONTROL NUMBER
LC control number 77367284
015 ## - NATIONAL BIBLIOGRAPHY NUMBER
National bibliography number GB***
020 ## - INTERNATIONAL STANDARD BOOK NUMBER
International Standard Book Number 9780330478298
Terms of availability £4.75
040 ## - CATALOGING SOURCE
Original cataloging agency DLC
Transcribing agency DLC
Modifying agency DLC
-- OCoLC
-- DLC
050 00 - LIBRARY OF CONGRESS CALL NUMBER
Classification number PZ4.S6596
Item number Sp
Classification number PR9405.9.S5
082 00 - DEWEY DECIMAL CLASSIFICATION NUMBER
Classification number 823
Author Mark SMI
100 1# - MAIN ENTRY--PERSONAL NAME
Personal name Smith, Wilbur A.
245 12 - TITLE STATEMENT
Title A sparrow falls /
Statement of responsibility, etc. Wilbur Smith.
260 ## - PUBLICATION, DISTRIBUTION, ETC.
Place of publication, distribution, etc. London :
Name of publisher, distributor, etc. Heinemann,
Date of publication, distribution, etc. 1977.
300 ## - PHYSICAL DESCRIPTION
Extent 630 p. ;
Dimensions 23 cm.
650 #0 - SUBJECT ADDED ENTRY--TOPICAL TERM
Topical term or geographic name entry element Courtney family (Fictitious characters)
General subdivision Fiction.
655 #7 - INDEX TERM--GENRE/FORM
Genre/form data or focus term Epic literature.
Source of term gsafd
655 #7 - INDEX TERM--GENRE/FORM
Genre/form data or focus term Domestic fiction.
Source of term lcsh
906 ## - LOCAL DATA ELEMENT F, LDF (RLIN)
a 7
b cbc
c orignew
d 3
e ncip
f 19
g y-gencatlg
942 ## - ADDED ENTRY ELEMENTS (KOHA)
Source of classification or shelving scheme
Koha item type Book
Holdings
Withdrawn status Lost status Source of classification or shelving scheme Damaged status Not for loan Permanent Location Current Location Shelving location Date acquired Total Checkouts Total Renewals Full call number Barcode Date last seen Date last checked out Copy number Price effective from Koha item type
          Central Library (CL) Central Library (CL) Fiction 03/28/2017 1 3 823.914 SMI CL1336 01/20/2023 05/24/2022 1 03/28/2017 Book
© 2023 Central Library, National University of Sciences and Technology. All Rights Reserved.